LEADER 01831nam0 22003731i 450 001 UON00479643 005 20231205105243.63 010 $a978-08-972233-4-8 100 $a20170725d2015 |0itac50 ba 101 $aeng 102 $aUS 105 $a||||b ||||| 200 1 $aKushan, Kushano-Sasanian, and Kidarite coins$ea catalogue of coins from the American Numismatic Society$fDavid Jongeward and Joe Cribb with Peter Donovan 210 $aNew York$cThe American Numismatic Society$d2015 215 $a322 p., 79 p. di tav.$cill., c. geogr.$d30 cm 606 $aAmerican Numismatic Society$xCataloghi$3UONC092789$2FI 606 $aMONETE KUSHANA$xCATALOGHI$3UONC092791$2FI 606 $aMONETE SASANIDI$xCATALOGHI$3UONC092790$2FI 606 $aNUMISMATICA$xINDIA$xKUSHANA$3UONC007450$2FI 606 $aNUMISMATICA$xIRAN$xPERIODO SASANIDE (224-651)$3UONC003243$2FI 620 $aUS$dNew York$3UONL000050 686 $aSI XX B$cSUBCONT. INDIANO - NUMISMATICA$2A 700 1$aJONGEWARD$bDavid$3UONV236883$0784281 701 1$aCRIBB$bJoe$3UONV008950$0487387 702 1$aDONOVAN$bPeter$3UONV237419 712 $aAmerican Numismatic Society$3UONV247661$4650 801 $aIT$bSOL$c20251003$gRICA 899 $aSIBA - SISTEMA BIBLIOTECARIO DI ATENEO$2UONSI 912 $aUON00479643 950 $aSIBA - SISTEMA BIBLIOTECARIO DI ATENEO$dSI SI XX B 052 $eSI 24439 7 052 $sBuono 951 $aSIBA - SISTEMA BIBLIOTECARIO DI ATENEO$bSI2017551 1J 20170725 966 $aSASANIDI$yNUMISMATICA - IRAN - PERIODO SASANIDE (224-651)$3UONC005681 996 $aKushan, Kushano-Sasanian, and Kidarite coins$91743287 997 $aUNIOR LEADER 03185nam0 2200637 i 450 001 RAV0052966 005 20251003044320.0 010 $a8815001824 020 $aIT$b84-13347 100 $a20101111d1983 ||||0itac50 ba 101 | $aita 102 $ait 181 1$6z01$ai $bxxxe 182 1$6z01$an 183 1$6z01$anc$2RDAcarrier 200 1 $aˆIl ‰sistema amministrativo italiano$fSabino Cassese 210 $aBologna$cIl mulino$d1983 215 $a395 p.$d22 cm. 225 | $aˆLa ‰nuova scienza$i. Serie di diritto 410 0$1001CFI0000073$12001 $aˆLa ‰nuova scienza$i. Serie di diritto 606 $aItalia$xAmministrazione pubblica$2FIR$3CFIC010916$9I 606 $aAmministrazione pubblica$xOrganizzazione$xItalia$2FIR$3UFIC050728$9E 676 $a342.45$9DIRITTO COSTITUZIONALE E AMMINISTRATIVO. ITALIA$v20 676 $a350$9AMMINISTRAZIONE PUBBLICA E SCIENZA MILITARE$v20 676 $a350$9AMMINISTRAZIONE PUBBLICA E SCIENZA MILITARE$v21 676 $a351$9AMMINISTRAZIONE PUBBLICA$v21 676 $a351.0945$9Amministrazioni centrali. Italia$v21 676 $a351.45$9AMMINISTRAZIONE. ITALIA$v21 676 $a353$9SPECIFICHE MATERIE DI AMMINISTRAZIONE PUBBLICA$v21 676 $a353.000945$9AMMINISTRAZIONE PUBLICA - ITALIA$v21 696 $aPubblica amministrazione$aOrgani della pubblica amministrazione$aOrgani ordinari 696 $aPubblica amministrazione$aOrgani della pubblica amministrazione$aOrgani ordinari$aOrganizzazione 699 $aAmministrazione pubblica$yPubblica amministrazione 699 $aAmministrazione pubblica$yOrgani della pubblica amministrazione 699 $aAmministrazione pubblica$zOrgani ordinari 699 $aAmministrazione pubblica$yPubblica amministrazione 699 $aAmministrazione pubblica$yOrgani della pubblica amministrazione 699 $aAmministrazione pubblica$zOrgani ordinari 699 $aOrganizzazione$zOrganizzazione 700 1$aCassese$b, Sabino$3CFIV019047$4070$07706 801 3$aIT$bIT-000000$c20101111 850 $aIT-BN0095 $aIT-SA0060 $aIT-NA0663 $aIT-AV0011 $aIT-NA0043 $aIT-NA0765 $aIT-AV0007 $aIT-NA0457 $aIT-NA0079 901 $bNAP 01$cD $n$ 901 $bNAP AH$cSALASTUDIO$nEx sala studio, ora secondo piano 901 $bNAP AD$cFRD $n$ 901 $bNAP BN$cMAGAZZINO $nmagazzini correnti divisi per anni 901 $bNAP BI$cSALA 3 $nLibri da 1597 a 3785 901 $bNAP AV$cSULLO $n$ 901 $bNAP 27$cSALA $n$ 901 $bNAP AO$cAFRAGOLA $n$ 912 $aRAV0052966 950 0$aBiblioteca Centralizzata di Ateneo$d 01D (AR) 13 148$e 01AR 0700131485 VMA 1 v.$fY $h19941017$i20180829 950 0$aBiblioteca dell'Associazione Amici degli Archivi onlus$c1 v.$d ADFRD 05. F 0089$e AD 0000023675 VMA 1 v.$fB $h20160113$i20160113 977 $a 01$a 27$a AD$a AH$a AN$a AO$a AV$a BI$a BN 996 $aSistema amministrativo italiano$965725 997 $aUNISANNIO